00952nam a22002657a 4500999001500000001000600015003000900021005001700030008004100047020001500088040003800103082002100141100002500162245009700187250001100284260003800295300004800333490005800381504004100439650002600480650002400506700002500530942001200555952011900567 c4119d411911515BD-DhUAP20201101155440.0700812s1970 nyua b 001 0 eng  a007y855773 aBD-DhUAPcBD-DhUAPdBD-DhUAPbEng00a510.2462 PIP2201 aPipes, Louis Albert.10aApplied mathematics for engineers and physicists / cLouis A. Pipes and Lawrence R. Harvill. a3d ed. aNew York :bMcGraw-Hill, cc1971. axxii, 1015 pages :billustrations ;c23 cm.0 aInternational series in pure and applied mathematics. aIncludes bibliographical references. 0aMathematical physics. 0aMechanics, Applied.1 aHarvill, Lawrence R. 2ddccBK 00102ddc4070aUAPCLbUAPCLcGeneral Stacksd2020-11-01o510.2462 PIPp3010011515r2020-11-01t1w2020-11-01yBK